[Event "Uljanovsk Privolje op"]
[Site "Uljanovsk"]
[Date "2012.02.04"]
[Round "7"]
[White "Kamov, Igor"]
[Black "Battalov, Bulat"]
[Result "1-0"]
[WhiteElo "2176"]
[BlackElo "2147"]
[PlyCount "91"]
[EventDate "2012.01.31"]
[EventType "swiss"]
[EventRounds "9"]
[EventCountry "RUS"]
[SourceTitle "EXT 2013"]
[Source "ChessBase"]
[SourceDate "2012.11.22"]
[SourceVersion "1"]
[SourceVersionDate "2012.11.22"]
[SourceQuality "1"]

1. d4 d5 2. Nf3 c6 3. g3 e6 4. Bg2 f5 5. c4 Nf6 6. 0-0 Be7 7. b3 0-0 8. Bb2 Ne4 9. Nbd2 Nd7 10. Qc2 a5 11. Rad1 Qe8 12. Ne5 Nxe5 13. dxe5 Qh5 14. Nxe4 fxe4 15. a3 Bd7 16. Bxe4 Be8 17. cxd5 exd5 18. Bg2 Bg6 19. e4 Rad8 20. Rfe1 dxe4 21. Rxd8 Bxd8 22. Bxe4 Bb6 23. Bxg6 Qxg6 24. Qc4+ Qf7 25. Re2 Re8 26. Kg2 Qd5+ 27. Qxd5+ cxd5 28. Rd2 Rd8 29. f4 g6 30. Kf3 Kf7 31. Bd4 Bxd4 32. Rxd4 Ke6 33. b4 Rc8 34. bxa5 Rc3+ 35. Kg4 Rxa3 36. Rb4 Rxa5 37. Rb6+ Kd7 38. Rxb7+ Kc6 39. Rxh7 d4 40. Kf3 d3 41. Ke3 Rd5 42. Kd2 Kc5 43. Rc7+ Kd4 44. e6 Ra5 45. Rd7+ Ke4 46. e7 1-0

[Event "Uljanovsk Privolje op"]
[Site "Uljanovsk"]
[Date "2012.02.01"]
[Round "3"]
[White "Battalov, Bulat"]
[Black "Beldyugin, Alexey"]
[Result "1/2-1/2"]
[WhiteElo "2147"]
[BlackElo "2050"]
[PlyCount "70"]
[EventDate "2012.01.31"]
[EventType "swiss"]
[EventRounds "9"]
[EventCountry "RUS"]
[SourceTitle "EXT 2013"]
[Source "ChessBase"]
[SourceDate "2012.11.22"]
[SourceVersion "1"]
[SourceVersionDate "2012.11.22"]
[SourceQuality "1"]

1. Nc3 g6 2. e4 Bg7 3. d3 Nc6 4. Be3 d6 5. h3 e5 6. g4 Nge7 7. Qd2 f5 8. gxf5 gxf5 9. Bh6 0-0 10. Bxg7 Kxg7 11. 0-0-0 Nd4 12. Nce2 Nxe2+ 13. Bxe2 fxe4 14. dxe4 Ng6 15. Bg4 Qf6 16. f3 Nh4 17. Kb1 Kh8 18. Rf1 Qg6 19. Qc3 h5 20. Qxc7 hxg4 21. hxg4 Qf6 22. g5 Qxg5 23. f4 Rxf4 24. Rxf4 Qxf4 25. Qd8+ Kg7 26. Ne2 Qf6 27. Qxf6+ Kxf6 28. Rxh4 Be6 29. Rh6+ Ke7 30. Rh7+ Bf7 31. Kc1 Rg8 32. Kd2 Kf6 33. Ke3 b5 34. Nc3 a6 35. Rh6+ Rg6 1/2-1/2

[Event "Uljanovsk Privolje op"]
[Site "Uljanovsk"]
[Date "2012.01.31"]
[Round "1"]
[White "Battalov, Bulat"]
[Black "Kalinkin, Nikolay"]
[Result "1-0"]
[WhiteElo "2147"]
[BlackElo "1706"]
[PlyCount "71"]
[EventDate "2012.01.31"]
[EventType "swiss"]
[EventRounds "9"]
[EventCountry "RUS"]
[SourceTitle "EXT 2013"]
[Source "ChessBase"]
[SourceDate "2012.11.22"]
[SourceVersion "1"]
[SourceVersionDate "2012.11.22"]
[SourceQuality "1"]

1. e4 e6 2. d4 d5 3. Nc3 dxe4 4. Nxe4 b6 5. Bb5+ c6 6. Be2 Bb7 7. Bf3 Nf6 8. Ne2 Nxe4 9. Bxe4 g6 10. h4 Be7 11. h5 Bg5 12. hxg6 f5 13. Bf3 Qf6 14. Bxg5 Qxg5 15. Qd2 Qe7 16. Qh6 Nd7 17. g7 Rg8 18. Bh5+ Kd8 19. Nf4 Nf6 20. 0-0-0 Kc8 21. Rhe1 Qxg7 22. Qxg7 Rxg7 23. Bf3 Kd7 24. Rxe6 Rf7 25. Rde1 Re8 26. Rxe8 Nxe8 27. Nd3 Rf6 28. Ne5+ Kd8 29. Rh1 Nc7 30. Rxh7 Ba8 31. Kd2 Kc8 32. c4 a6 33. Kc3 Ne6 34. Nd7 Rg6 35. Nxb6+ Kb8 36. Rh8+ 1-0

[Event "Uljanovsk op"]
[Site "Uljanovsk"]
[Date "2010.02.10"]
[Round "5"]
[White "Battalov, Bulat"]
[Black "Gazizov, Iljas"]
[Result "1/2-1/2"]
[WhiteElo "2123"]
[BlackElo "2227"]
[PlyCount "32"]
[EventDate "2010.02.06"]
[EventType "swiss"]
[EventRounds "9"]
[EventCountry "RUS"]
[SourceTitle "CBM 134 Extra"]
[Source "ChessBase"]
[SourceDate "2010.03.03"]
[SourceVersion "1"]
[SourceVersionDate "2010.03.03"]
[SourceQuality "1"]

1. Nc3 c5 2. Nf3 Nc6 3. e4 Nf6 4. g3 d6 5. Bg2 e5 6. d3 Be7 7. 0-0 0-0 8. a3 Nd4 9. Nxd4 cxd4 10. Ne2 Be6 11. c4 dxc3 12. bxc3 d5 13. d4 dxe4 14. dxe5 Ng4 15. Bxe4 Nxe5 16. Bf4 Nc6 1/2-1/2

[Event "Uljanovsk op"]
[Site "Uljanovsk"]
[Date "2010.02.07"]
[Round "2"]
[White "Galiev, Azat"]
[Black "Battalov, Bulat"]
[Result "1/2-1/2"]
[WhiteElo "2269"]
[BlackElo "2123"]
[PlyCount "34"]
[EventDate "2010.02.06"]
[EventType "swiss"]
[EventRounds "9"]
[EventCountry "RUS"]
[SourceTitle "CBM 134 Extra"]
[Source "ChessBase"]
[SourceDate "2010.03.03"]
[SourceVersion "1"]
[SourceVersionDate "2010.03.03"]
[SourceQuality "1"]

1. e4 c6 2. d4 g6 3. d5 d6 4. c4 Nf6 5. Nc3 Bg7 6. Nf3 Nbd7 7. Bd3 Ne5 8. 0-0 0-0 9. h3 Qa5 10. Rb1 Nxd3 11. Qxd3 Qa6 12. dxc6 bxc6 13. Rd1 d5 14. cxd5 Qxd3 15. Rxd3 cxd5 16. e5 Bf5 17. exf6 Bxf6 1/2-1/2

[Event "Uljanovsk Privolje op"]
[Site "Uljanovsk"]
[Date "2009.02.01"]
[Round "3"]
[White "Mustafin, Rustam"]
[Black "Battalov, Bulat"]
[Result "0-1"]
[WhiteElo "1929"]
[BlackElo "2098"]
[PlyCount "60"]
[EventDate "2009.01.31"]
[EventType "swiss"]
[EventRounds "9"]
[EventCountry "RUS"]
[SourceTitle "EXT 2022"]
[Source "ChessBase"]
[SourceDate "2021.10.06"]
[SourceVersion "1"]
[SourceVersionDate "2021.10.06"]
[SourceQuality "1"]

1. e4 e5 2. Nf3 f5 3. d3 Nc6 4. exf5 d5 5. Qe2 Qf6 6. Nc3 Bb4 7. Bd2 Nge7 8. a3 Bd6 9. h3 Bxf5 10. Bg5 Qe6 11. Bxe7 Bxe7 12. Nd2 Nd4 13. Qd1 0-0 14. Be2 c6 15. Nf3 Qg6 16. g4 Bd7 17. Rf1 Rae8 18. Na2 Nxf3+ 19. Bxf3 e4 20. Be2 e3 21. fxe3 Rxf1+ 22. Bxf1 Bg5 23. Nc3 Rxe3+ 24. Ne2 Qh6 25. Kf2 Bxg4 26. hxg4 Qh4+ 27. Kg1 Qxg4+ 28. Kh1 Rh3+ 29. Bxh3 Qxh3+ 30. Kg1 Be3# 0-1

[Event "Penza op U18"]
[Site "Penza"]
[Date "2006.11.05"]
[Round "4"]
[White "Galkin, Roman"]
[Black "Battalov, Bulat"]
[Result "1/2-1/2"]
[WhiteElo "1910"]
[BlackElo "2051"]
[PlyCount "71"]
[EventDate "2006.11.01"]
[EventType "swiss"]
[EventRounds "7"]
[EventCountry "RUS"]
[SourceTitle "EXT 2007"]
[Source "ChessBase"]
[SourceDate "2006.11.23"]
[SourceVersion "1"]
[SourceVersionDate "2006.11.23"]
[SourceQuality "1"]

1. e4 c5 2. Nf3 e6 3. d4 cxd4 4. Nxd4 a6 5. Nc3 Qc7 6. Bd3 Nc6 7. Be3 Nf6 8. 0-0 Ne5 9. h3 Ng6 10. Nb3 b5 11. f4 d6 12. a4 b4 13. Ne2 Bb7 14. Ng3 Be7 15. Qe2 h5 16. f5 Ne5 17. fxe6 fxe6 18. Nd4 Kd7 19. Rfe1 h4 20. Nf1 Nh5 21. Nf3 Qa5 22. c3 Nxf3+ 23. gxf3 bxc3 24. b4 Qe5 25. b5 a5 26. Rac1 Rh6 27. Bxh6 gxh6 28. Kh1 Bg5 29. Rcd1 Bd2 30. Rxd2 cxd2 31. Qxd2 Nf4 32. Ne3 Qd4 33. Rd1 Nxh3 34. Bf1 Qxd2 35. Rxd2 Ng5 36. Be2 1/2-1/2

[Event "Stare Mesto op"]
[Site "Stare Mesto"]
[Date "2006.08.12"]
[Round "2"]
[White "Stolarczyk, Adam"]
[Black "Battalov, Bulat"]
[Result "0-1"]
[WhiteElo "2191"]
[BlackElo "2051"]
[PlyCount "80"]
[EventDate "2006.08.11"]
[EventType "swiss"]
[EventRounds "10"]
[EventCountry "CZE"]
[SourceTitle "CBM 113 Extra"]
[Source "ChessBase"]
[SourceDate "2006.09.14"]
[SourceVersion "1"]
[SourceVersionDate "2006.09.14"]
[SourceQuality "1"]

1. e4 c5 2. c3 d6 3. d4 Nf6 4. Bd3 e5 5. Ne2 Nc6 6. d5 Ne7 7. 0-0 Ng6 8. Nd2 Be7 9. b4 cxb4 10. cxb4 h5 11. Nc4 h4 12. f3 Nh5 13. Be3 Ngf4 14. Rc1 Bg5 15. Nc3 Ng3 16. Rf2 a6 17. Qd2 b5 18. Na5 Bd7 19. Ne2 Ngh5 20. Rc3 Rc8 21. Rxc8 Qxc8 22. Nxf4 Bxf4 23. Bxf4 Nxf4 24. Bf1 0-0 25. g3 Ng6 26. Qd3 Qc7 27. Rc2 Qb6+ 28. Kh1 f5 29. Qd1 fxe4 30. fxe4 h3 31. Bd3 Nf4 32. gxf4 Rxf4 33. Qg1 Qd8 34. Nc6 Qf6 35. Nb8 Bg4 36. Be2 Bxe2 37. Rxe2 Rf1 38. Re3 Qf2 39. Rg3 Rxg1+ 40. Rxg1 Qf3+ 0-1

[Event "Privolzhskogo FO-ch U16"]
[Site "Oktjabrsky"]
[Date "2004.11.??"]
[Round "7"]
[White "Battalov, Bulat"]
[Black "Paushkin, Nikita"]
[Result "0-1"]
[WhiteElo "1990"]
[BlackElo "2052"]
[PlyCount "74"]
[EventDate "2004.11.??"]
[EventType "swiss"]
[EventRounds "9"]
[EventCountry "RUS"]
[SourceTitle "EXT 2006"]
[Source "ChessBase"]
[SourceDate "2005.11.24"]
[SourceVersion "1"]
[SourceVersionDate "2005.11.24"]
[SourceQuality "1"]

1. e4 c5 2. Nc3 e6 3. g3 d5 4. Bg2 Nf6 5. d3 d4 6. Nce2 e5 7. h3 Nc6 8. f4 Bd6 9. Nf3 Qc7 10. 0-0 Bd7 11. a3 h5 12. c3 dxc3 13. bxc3 Qc8 14. Kh2 h4 15. g4 exf4 16. d4 Nxe4 17. dxc5 Bc7 18. Qd5 Nf6 19. Qg5 Bxg4 20. Nxf4 Rh5 21. Qxg7 Qf5 22. Re1+ Ne5 23. Nd4 Qh7 24. Qxh7 Rxh7 25. hxg4 Nfxg4+ 26. Kg1 0-0-0 27. Nd5 h3 28. Bh1 h2+ 29. Kf1 Rxd5 30. Be3 Rh3 31. Nf5 Rd3 32. Bd4 Rhf3+ 33. Bxf3 Rxf3+ 34. Kg2 Rxf5 35. Rad1 Rg5 36. Bxe5 Nxe5+ 37. Kh3 Rg8 0-1